000 00304nam a2200121Ia 4500
008 240624s9999 xx 000 0 und d
041 _aeng
082 _a650 ICF
100 _aICFAI
245 _aCORPORATE SOCIAL RESPONSIBILITY AT ONGC
260 _c2006
_aHyderabad
_bICFAI
300 _a22 : p. : cm. ; 30
999 _c11714
_d11714